The Silmarillion: Trivia #2 - Statistics

General Stats
  • This quiz has been taken 222 times
    132 since last reset
  • The average score is 11 of 15
Answer Stats
Hint Answer % Correct
Who first named Melkor 'Morgoth'? Feanor
93%
Who betrayed Gondolin to Morgoth? Maeglin
88%
Who is Luthien's mother? Melian
88%
Who did Maedhros relinquish his claim as High King of the Noldor to? Fingolfin
87%
Who was the only one of Feanor's sons to not participate in burning the Teleri ships? Maedhros
86%
Who is Tuor's son? Earendil
83%
Who is Beren's son? Dior
82%
Who is Maeglin's father? Eol
82%
What weapon did Morgoth use when he fought Fingolfin? Grond
80%
Who is Turgon's daughter, and Tuor's wife? Idril
79%
What are the names of the youngest sons of Feanor? Amrod and Amras
78%
What is the name of the wolf who bit off Beren's hand? Carcharoth
64%
Who led Tuor to Gondolin? Voronwe
45%
Which house of Gondolin was Glorfindel leader of? The House of the Golden Flower
43%
What is the name that Aredhel secretly gave to Maeglin? Lomion
26%
No matching quizzes found
Score Distribution
Percent of People with Each Score
Percentile by Number Answered
Your Score History
You have not taken this quiz since the last reset